000 00563nam a2200229Ia 4500
003 OSt
005 20220918202422.0
006 a|||||r|||| 00| 0
007 ta
008 220917b |||||||| |||| 00| 0 eng d
024 _a101,096
037 _cTextual
040 _aARTS
_cARTS
_beng
041 _2eng
_aeng
082 _aV21:24:N5, K5
100 _aHadgrave Robert L
_9103655
245 0 _aDravidian movement
260 _c1965
650 _aHISTORY
942 _hV21:24:N5, K5
_cTEXL
_2CC
999 _c224610
_d224610